[Event "FRA-ch Blitz Online Qual"]
[Site "Europe Echecs INT"]
[Date "2020.05.16"]
[Round "3"]
[White "Mokrani, Romuhald"]
[Black "Trimbitasu, Elyas"]
[Result "1-0"]
[WhiteElo "1358"]
[BlackElo "1175"]
[PlyCount "43"]
[EventDate "2020.05.16"]
[EventType "swiss (blitz)"]
[EventRounds "15"]
[EventCountry "FRA"]
[SourceTitle "CBM 196 Extra"]
[Source "ChessBase"]
[SourceDate "2020.07.31"]
[SourceVersion "1"]
[SourceVersionDate "2020.07.31"]
[SourceQuality "1"]

1. d4 d5 2. Nf3 Nc6 3. c4 e6 4. Nc3 Nf6 5. Bg5 h6 6. Bh4 g5 7. Bg3 Bb4 8. Rc1 Ne4 9. e3 b6 10. Be2 Ba6 11. 0-0 Bxc3 12. bxc3 Bxc4 13. Bxc4 dxc4 14. Ne5 Na5 15. Qa4+ Ke7 16. Nxc4 Nxc4 17. Qxc4 Rc8 18. Be5 Rh7 19. Qd3 Qd5 20. f3 Nd6 21. Qxh7 Nc4 22. Rfe1 1-0

[Event "FRA-ch Blitz Online Qual"]
[Site "Europe Echecs INT"]
[Date "2020.05.16"]
[Round "12"]
[White "Zanin, Sylvie"]
[Black "Mokrani, Romuhald"]
[Result "0-1"]
[WhiteElo "1001"]
[BlackElo "1358"]
[PlyCount "76"]
[EventDate "2020.05.16"]
[EventType "swiss (blitz)"]
[EventRounds "15"]
[EventCountry "FRA"]
[SourceTitle "CBM 196 Extra"]
[Source "ChessBase"]
[SourceDate "2020.07.31"]
[SourceVersion "1"]
[SourceVersionDate "2020.07.31"]
[SourceQuality "1"]

1. e4 e6 2. Nf3 d5 3. d3 c5 4. e5 Nc6 5. Nbd2 Nge7 6. c3 Ng6 7. d4 cxd4 8. cxd4 Bb4 9. Bb5 0-0 10. Ng5 Nxd4 11. Qh5 h6 12. Bd3 Qxg5 13. Qxg5 hxg5 14. a3 Ba5 15. b4 Bb6 16. Bb2 Nc6 17. 0-0 Ncxe5 18. Bxg6 Nxg6 19. Nf3 g4 20. Ne5 Nxe5 21. Bxe5 Bd7 22. Kh1 Bb5 23. Rfd1 Bxf2 24. g3 Bc6 25. Bd4 Bxd4 26. Rxd4 e5 27. Rxg4 d4+ 28. Kg1 Rad8 29. a4 a6 30. Rg5 f6 31. Rg6 Kh7 32. Rg4 Bf3 33. Rh4+ Kg8 34. Rc1 d3 35. Rc7 d2 36. Kf2 d1Q 37. g4 Qe2+ 38. Kg3 Qg2# 0-1